Tennis: men who won exactly two slams in Open Era - Statistics

General Stats
  • This quiz has been taken 141 times
    74 since last reset
  • The average score is 6 of 8
Answer Stats
Title years Player % Correct
2001 & 2002 Lleyton Hewitt
90%
2000 & 2005 Marat Safin
87%
1997 & 1998 Patrick Rafter
81%
1993 & 1994 Sergi Bruguera
69%
1971 & 1972 Stan Smith
67%
1996 & 1999 Yevgeny Kafelnikov
67%
1972 & 1973 Ilie Nastase
63%
1981 & 1982 Johan Kriek
58%
No matching quizzes found
Score Distribution
Percent of People with Each Score
Percentile by Number Answered
Your Score History
You have not taken this quiz since the last reset